INDUSTRIA, ESTADO Y POLITICA EN MEXICO: LOS EMPRESARIOS Y EL PODER/

TRADUCCION DE: INDUSTRY, THE STATE, AND PUBLIC POLICY IN MEXICO

Tallennettuna:
Bibliografiset tiedot
Päätekijä: Story, Dale (autor)
Aineistotyyppi: Kirja
Aiheet:
Tagit: Lisää tagi
Ei tageja, Lisää ensimmäinen tagi!

MARC

LEADER 00000nam^a2200000^a^4500
001 000224289
005 20250521000000.0
009 20260310104044.791
035 |a 043191 
037 |a Acervo Xavier Clavigero 
082 |a 322. 3  |b STO 
100 |a Story, Dale  |e (autor) 
245 1 0 |a INDUSTRIA, ESTADO Y POLITICA EN MEXICO:  |b LOS EMPRESARIOS Y EL PODER/  |c DALE STORY; TR. ALICIA BARNETCHE 
264 |a MEXICO :  |b GRIJALBO,  |c 1990 
300 |a 326p. :  |b tbs. 
336 |a texto  |b txt  |2 rdacontenido 
337 |a sin mediación  |b n  |2 rdamedio 
338 |a volumen  |b nc  |2 rdasoporte 
520 |a TRADUCCION DE: INDUSTRY, THE STATE, AND PUBLIC POLICY IN MEXICO 
520 |a BIBLIOGRAFIA: (P. 291-312) 
520 |a INDICE 
649 |a XX 
650 |a Política Industrial 
650 |a Empresarios 
650
910 |a Fondo General 
920 |a Impresos - Libros 
930 |a Colección General 
905 |a 101 
901 |a 043191  |b IT1  |c ACC  |i 043191  |u 20250521 
902 |a https://opac.biblio.iteso.mx/vufind/Record/000224289